01305cam a22002891 4500001001300000003000400013005001700017008004100034010001700075035002000092040006200112042001200174050002700186051002100213082001400234111007300248245025400321260004800575300004500623490006400668500014900732504004200881650003500923650001400958710002600972999001700998e 32000415 DLC20260227111222.0860422s1932 dcua b f100 0 eng c ae 32000415  a(OCoLC)13471115 aU.S. Office of Education. LibrarycPScUdPScUdOCoLCdDLC apremarc00aL111b.A6 1931, no. 12 aLB2301b.R4 1931 a378.063702 aRegional Conference on Higher Education.n1st,cEugene, Ore.,d1931.10aResearch in higher education;bpapers prepared for the first Regional Conference on Higher Education held under the joint auspices of the United States Office of Education and the University of Oregon at Eugene, Oreg., April 14, 15, and 16, 1931 ... aWashington,bU.S. Govt. Print. Off.,c1932. avi, 133 p. incl. tables, diagrs.c23 cm.0 aUnited States. Office of Education. Bulletin, 1931,vno. 12 aAt head of title: United States Department of the Interior. Ray Lyman Wilbur, secretary. Office of Education. William John Cooper, commissioner. aBibliographies at end of most papers. 0aEducation, HighervCongresses. 0aResearch.2 aUniversity of Oregon. c21232d21232